Les méchants de l'univers Disney - Statistiques

Statistiques générales
  • Ce quiz a été pris 255 fois
  • Le résultat moyen est 14 sur 15
Statistiques - réponses
Question Réponse % Correct
Comment se nomme la Reine-Sorcière qui va empoisonner Blanche-Neige dans "Blanche-Neige et les sept nains" ? La Reine Grimhilde (Méchante Reine)
100%
Quel personnage portant un grand chapeau rouge a pour ami Monsieur Mouche dans "Peter Pan" ? Capitaine Crochet
97%
Qui essaie de nuire à Tiana dans "La princesse et la grenouille" ? Docteur Facilier
97%
Quel méchant a pour compagnon Iago le perroquet dans "Aladdin" ? Jafar
97%
La reine dans "Alice au pays des merveilles" se nomme : La Reine de Cœurs
97%
La méchante belle-mère de Cendrillon dans "Cendrillon" se prénomme : Madame de Tremaine
97%
La méchante dans "La belle au bois dormant" qui a pour compagnon Diablo son corbeau se prénomme : Maléfique
97%
Qui est la méchante belle-mère de Raiponce dans "Raiponce" ? Mère Gothel
97%
Quel lion est accompagné des trois hyènes (Benzaï, Shenzi & Ed) ? Scar
97%
Comment se nomme la méchante qui essaie de voler la voix de Ariel dans "La petite sirène" ? Ursula
97%
Comme s'appelle la méchante dans "Les aventures de Bernard et Bianca" ? Madame Médusa
94%
Comment s'appelle le méchant professeur dans "Basil, détective privé" ? Professeur Ratigan
94%
Qui a pour compagnon Paine & Panique ? Hadès
83%
Quelle méchante à le teint violet et est accompagnée de Kronk dans "Kuzco, l'empereur mégalo" ? Yzma
83%
Le nom de l'étrange créature bleue dans "Fantasia" est : Chernabog
60%
Aucun quiz correspondant
Distribution des résultats
% des personnes avec chaque résultat
Percentile par nombre de réponses
Votre historique - résultats
Vous n’avez pas pris ce quiz